01397nam a2200253 a 450000100060000000300090000600800410001502000140005604000280007008200190009811000820011724500580019926000310025730000320028850506290032065000320094965000300098165000130101165000310102465000150105565000140107065000390108465000200112311805CO-ViMGA141112s2004 ck r 000 u spa d a848055195 aCO-ViMGAbspacCO-ViMGA04aR001.6403 E52e aCETTICO : Centro de transferencia tecnologica de informatica y comunicaciones10aEnciclopedia de Informática y Computación (Video) aMadrid, cPrinting, c1999 a7 Volumenes, 2 Videocasetes aSoftware. Lenguajes Informaticos. Sistema operativo. Historia del Software. Programacion Ofimatica. Procesadores de texto. Hojas de calculo. Bases de datos. Microsoft Office , word, excel, power point, access Deontologia informatica. codigo binario, seguridad de la informacion, pirateria informatica, bases de datos Ingenieria del software, Inteligencia artificial Hardware, CPU, buses, memoria, tarjetas, semiconductores, perifericos Hardware, historia y desarrollo de la computadora, tipos de computadora Multimedia. audio, video, imagenes graficas, animacion, macintosh, CD - rom, dispositivos, camaras digitales, modems14aCOMPUTADORES - DICCIONARIOS14aDEONTOLOGIA - INFORMATICA14aHARDWARE14aINFORMATICA - DICCIONARIOS14aMULTIMEDIA14aOFIMATICA14aSOFTWARE - INTELIGENCIA ARTIFICIAL14aTELEINFORMATICA